| 000 | 00525nam a2200217Ia 4500 | ||
|---|---|---|---|
| 999 |
_c606 _d606 |
||
| 003 | 0100 | ||
| 008 | 130227s9999 xx 000 0 und d | ||
| 040 | _cARRUPELIB | ||
| 050 | _aB809.8.O59 1977 | ||
| 100 |
_aMarx, Karl _96499 |
||
| 245 | _aOn dialectical materialism | ||
| 260 |
_bProgress Publishers _aMoscow _c1977 |
||
| 300 | _a422p | ||
| 300 | _b 20cm | ||
| 650 |
_bFeminist theory _933702 |
||
| 650 |
_cWomen--Social conditions _933703 |
||
| 700 |
_aEngels, Friedrich; Lenin, Vladimir Ilich _933704 |
||
| 942 |
_2lcc _cMONOGRAPH |
||